British Cities on a Map - Statistics

General Stats
  • This quiz has been taken 46 times
  • The average score is 17 of 21
Answers on the Map
Answers color-coded by a green-red scale on the quiz's map according to % correct below.
 
Answer Stats
Answer % Correct
Glasgow
95%
London
95%
Aberdeen
92%
Belfast
92%
Manchester
92%
Newcastle
92%
Birmingham
89%
Cardiff
89%
Edinburgh
89%
Liverpool
89%
Inverness
86%
Brighton
84%
Bristol
84%
Norwich
81%
Plymouth
81%
Dover
78%
Oxford
78%
Derry / Londonderry
76%
Douglas
68%
York
65%
Kirkwall
27%
No matching quizzes found
Score Distribution
Percent of People with Each Score
Percentile by Number Answered
Your Score History
You have not taken this quiz